| 000 | 00755nam a2200241 i 4500 | ||
|---|---|---|---|
| 001 | 13916 | ||
| 003 | ES-MaACL | ||
| 005 | 20250831030559.0 | ||
| 007 | t| | ||
| 008 | 970623s1996 sp ||||0| spa j | ||
| 020 | _a84-7880-691-1 | ||
| 040 |
_aM-BN _bspa _cM-BN |
||
| 080 | _a929(100)"19":342.511 | ||
| 080 | _a342.511:929(100)"19" | ||
| 100 | 1 |
_aFlórez Tascón, Francisco José. _951322 |
|
| 245 | 1 | 3 |
_aEl poder enfermo _b: la salud de diez líderes políticos del siglo XX / _cFrancisco J. Flórez Tascón. |
| 250 | _a1ª ed. española. | ||
| 260 |
_aMadrid : _bTemas de Hoy, _c[1996] |
||
| 300 |
_a231 p ; _c23 cm. |
||
| 650 | 4 |
_aJefes de Estado- _yEnfermedades _913939 |
|
| 852 |
_aES-MaACL _jL-21080 _bR.125804 |
||
| 999 |
_c13916 _d13916 |
||